000 00530nam a2200181Ia 4500
005 20250326123913.0
008 250326s9999 xx 000 0 und d
037 _aTextbook
040 _aFMSL
_beng
_cFMSL
041 _aeng
_2eng
084 _aS854.73 K5.2
_qFMSL
100 _aStouffer S A
245 0 _aAmerican solodier: combat and its aftermath
_cStouffer S A; Lumsdaine A A And Others
260 _aNY
_bNY, John Wiley
_c1965
300 _a700p
942 _cTB
_hS854.73 K5.2
999 _c1271406
_d1271406